00465nam a22001572 4500001001100000005001700011008004100028040001500069100003400084245008100118250001300199260004300212300001200255650003700267852000300304000001976920151217155902.0110207s xx 000 0 eng d aKABUcKABU1 aOgot, Bethwell A.@000014893112aA History of the Luo-speaking peoples of Eastern Africa /cBethwell A. Ogot. a1st ed. aKisumu, Kenya :bAnyange Press,c2009. a912 p. 0aLuo (African people)@00001797121